Central Library OPAC University of Rajshahi

China, Japan and the European community / (Record no. 58604)

MARC details
000 -LEADER
fixed length control field 00806nam a2200265 a 4500
001 - CONTROL NUMBER
control field 58604
003 - CONTROL NUMBER IDENTIFIER
rucl marc code BD-RjUL
005 - DATE AND TIME OF LATEST TRANSACTION
control field 20211209080635.0
008 - FIXED-LENGTH DATA ELEMENTS--GENERAL INFORMATION
fixed length control field 161219r1990 enk||||| |||| 001 0 eng d
020 ## - INTERNATIONAL STANDARD BOOK NUMBER
International Standard Book Number 0485113562
035 ## - SYSTEM CONTROL NUMBER
System control number (BD-RjUL)58728
040 ## - CATALOGING SOURCE
Original cataloging agency BD-RjUL
Language of cataloging eng
Transcribing agency BD-RjUL
Modifying agency BD-RjUL
041 ## - LANGUAGE CODE
Language code of text/sound track or separate title eng
082 ## - DEWEY DECIMAL CLASSIFICATION NUMBER
Edition number 23
Classification number 337.5104
Author mark and year TAC 1990
100 10 - MAIN ENTRY--PERSONAL NAME
Personal name Taylor, Robert.
9 (RLIN) 174146
245 ## - TITLE STATEMENT
Title China, Japan and the European community /
Statement of responsibility, etc. Robert Taylor
260 ## - PUBLICATION, DISTRIBUTION, ETC. (IMPRINT)
Place of publication, distribution, etc. London :
Name of publisher, distributor, etc. Fairleigh Dickinson University Press
Date of publication, distribution, etc. c1990
300 ## - PHYSICAL DESCRIPTION
Pagination 166 p. ;
Size 23 cm.
500 ## - GENERAL NOTE
General note Includes index
650 ## - SUBJECT ADDED ENTRY--TOPICAL TERM
Topical term or geographic name as entry element European Economic Community countries
9 (RLIN) 174147
Topical term or geographic name as entry element International relations
9 (RLIN) 172346
Topical term or geographic name as entry element International economic relations
9 (RLIN) 172391
942 ## - ADDED ENTRY ELEMENTS (KOHA)
Source of classification or shelving scheme Dewey Decimal Classification
Koha item type Books
Holdings
Lost status Source of classification or shelving scheme Damaged status Not for loan Collection code Permanent Location Current Location Shelving location Date acquired Source of acquisition Total Checkouts Full call number Date last seen Copy number Koha item type
  Dewey Decimal Classification   Not For Loan Non-fiction Central Library, University of Rajshahi Central Library, University of Rajshahi Reading Room 03/03/1996 Asia foundation   337.5104 TAC 1990 19/12/2016 C-1 Books